000 00229nam a2200085Ia 4500
008 170617s9999 xx 000 0 und d
100 _aThresyamma-C.P
245 0 _aFundamentals of Nursing Procedure Manual
260 _b"LOTUS PUBLISHERS
260 _c JALANDHAR"
999 _c12745
_d12745